000 00620cam a22001577a 4500
008 180718b1965 xxu||||| |||| 00| 0 eng d
082 _aZ2363x5421 G959
100 _aGupta, S.C.
245 _aProducers' response to changes in prices and marketing policies: a case study of sugarcane and paddy in eastern Uttar Prdesh
_cby S.C. Gupta and A. Majid
260 _aBombay
_bAsia
_c1965
300 _a79p.
500 _aRs.12.00; A study by Agricultural Economics Research Centre, Univ. of Delhi
650 _aRice Industry Nd Trade - India - UP
650 _aSugar Industry and Trade - India - U.P.
700 _aMajid, A.
999 _c367243
_d367243